STN EN 12697-44: 2020 (73 6160), Asfaltové zmesi. Skúšobné metódy Časť 44 Šírenie trhliny na skúšobnom telese polkruhového prierezu namáhanom ohybom
Táto norma je slovenskou verziou európskej normy EN 12697-44: 2019. Preklad zabezpečil Úrad pre normalizáciu, metrológiu a skúšobníctvo Slovenskej republiky. Táto norma má rovnaké postavenie, ako majú oficiálne verzie
| Ďalší autori: | |
|---|---|
| Médium: | Kniha |
| Jazyk: | slovenčina angličtina |
| Fyzický popis: | 16 s. obr. 30 cm |
| Vydavateľské údaje: |
Bratislava
Úrad pre normalizáciu, metrológiu a skúšobníctvo Slovenskej republiky
2020
|
| Predmet: |
MARC
| LEADER | 00000cam a2200000 a 4500 | ||
|---|---|---|---|
| 001 | vtls011916085 | ||
| 003 | SK-MaSNL | ||
| 005 | 20260301145725.0 | ||
| 008 | 200207s2020 xo a f u 000 0 slo | ||
| 015 | |a SNBN2020 | ||
| 040 | |a SNK |b slo |c SNK |e AACR2 | ||
| 041 | 1 | |a slo |h eng | |
| 044 | |a xo |c SK | ||
| 046 | |a s |m 20200201 (účin.) | ||
| 072 | 7 | |a 665 |x Oleje. Tuky. Vosky. Spojivá. Živice |2 konspekt | |
| 072 | 7 | |a 624 |x Stavebné inžinierstvo |2 2011 | |
| 080 | |a 665.775.4 |2 2011 | ||
| 080 | |a 006.7/.8 |2 2001 | ||
| 080 | |a (437.6) |2 2001 | ||
| 080 | |a (4) |2 2001 | ||
| 080 | |a 625.7/.8 |2 2011 | ||
| 084 | |a 93.080.20 |2 ICS | ||
| 130 | 0 | |a STN 73 6160 (STN EN 12697-44) |9 505929 | |
| 245 | 1 | 0 | |a STN EN 12697-44: 2020 (73 6160), Asfaltové zmesi. Skúšobné metódy |n Časť 44 |p Šírenie trhliny na skúšobnom telese polkruhového prierezu namáhanom ohybom |
| 246 | 1 | 0 | |a Asfaltové zmesi |
| 246 | 1 | 0 | |a Skúšobné metódy. Časť 44 |
| 246 | 1 | 0 | |a Šírenie trhliny na skúšobnom telese polkruhového prierezu namáhanom ohybom |
| 246 | 3 | 0 | |a EN 12697-44: 2019 SK |
| 260 | |a Bratislava |b Úrad pre normalizáciu, metrológiu a skúšobníctvo Slovenskej republiky |c 2020 | ||
| 300 | |a 16 s. |b obr. |c 30 cm | ||
| 500 | |a Súbežný názov v angličtine, francúzštine, nemčine | ||
| 500 | |a Spracovateľ: Ján Gillinger, Košice | ||
| 500 | |a Táto norma nahrádza anglickú verziu STN EN 12697-44 z augusta 2019, ktorá od 1.8.2019 nahradila STN EN 12697-44 z januára 2013 v celom rozsahu | ||
| 504 | |a Normatívne referenčné dokumenty, súvisiace právne predpisy s. 2 ; literatúra s. 13 | ||
| 520 | 8 | |a Táto norma je slovenskou verziou európskej normy EN 12697-44: 2019. Preklad zabezpečil Úrad pre normalizáciu, metrológiu a skúšobníctvo Slovenskej republiky. Táto norma má rovnaké postavenie, ako majú oficiálne verzie | |
| 540 | |a STN vydané na akomkoľvek nosiči sa môžu rozmnožovať a rozširovať iba so súhlasom určenej právnickej osoby |b SÚTN Bratislava |c zákon 264/1999 Z. z. | ||
| 650 | 0 | 7 | |a asfaltové zmesi |2 SNKPH |9 51236 |
| 650 | 0 | 7 | |a technické normy a štandardy |z Slovensko |2 SNKPH |9 79594 |
| 650 | 0 | 7 | |a technické normy a štandardy |z krajiny Európskej únie |2 SNKPH |9 289341 |
| 650 | 0 | 7 | |a Asphalt concrete |2 SNKPHeng |9 309838 |
| 650 | 0 | 7 | |a Highway constructing |2 SNKPHeng |9 52165 |
| 650 | 0 | 7 | |a asfalt |2 SNKPH |9 20362 |
| 650 | 0 | 7 | |a cestné staviteľstvo |2 SNKPH |9 51013 |
| 655 | 7 | |a normy |2 SNKPH |9 70643 | |
| 700 | 1 | |a Gillinger, Ján |4 trl |9 320900 | |
| 710 | 1 | |a Slovensko. |b Úrad pre normalizáciu, metrológiu a skúšobníctvo |4 stn |9 158117 | |
| 710 | 2 | |a Slovenský ústav technickej normalizácie (Bratislava, Slovensko). |b Technická komisia č. 94 Cestné staviteľstvo |4 stn |9 307007 | |
| 852 | |a Štátna vedecká knižnica v Banskej Bystrici | ||
| 958 | |a OP | ||
| 958 | |a NB | ||
| 999 | |c 781097 |d 783027 | ||
| 952 | |a SNK |b SNK |y PREZ |7 0 |p 17A1418183 |o snkSTN EN 12697-44 D1 |i snk2020/7179 |8 0 |0 0 |1 0 |4 0 |d 2020-04-21 |l 0 |r 2026-02-24 01:04:27 |w 2026-02-24 | ||
| 952 | |a SNK |b SNK |y PREZ |7 0 |p 17A1418184 |o snkSTN EN 12697-44 |i snk2020/7178 |8 0 |0 0 |1 0 |4 0 |d 2020-04-21 |l 0 |r 2026-02-24 01:04:27 |w 2026-02-24 | ||


